000 00449nam a22001697a 4500
005 20251108171803.0
008 250721s1991 xx 000 0 ara d
082 1 4 _a956.462/خال
100 1 _aالخالدي، وليد راغب
245 1 0 _aالرمله تتكلم /
264 1 _aعمان :
_c1991.
300 _a181ص
650 1 7 _aتاريخ فلسطين
650 1 7 _aالرمله ( مدينه )
942 _2ddc
_cBK
999 _c62478
_d62478